000 00626nam a2200205 a 4500
005 20250508063845.0
008 991125 1991 bue 000 0 spa u
020 _a9507550070
035 _aUPN01000014855
049 _aCG
050 4 _aLB2823.5
_bP4.3 1991
100 1 _aPérez Alvarez, Sergio
_928611
245 1 3 _aEl diagnóstico de la situación educativa :
_bsus cuatro niveles /
_cSergio Pérez Alvarez.
260 _aBuenos Aires :
_bBraga,
_c1991.
300 _a173 p.
440 0 _aDidáctica operativa
650 4 _aDiagnóstico educativo
_911935
650 4 _aEducación
_xPlanificación
_91146
905 _aLibro
999 _c14855
_d14855